| 000 | 00627nam a2200217Ia 4500 | ||
|---|---|---|---|
| 005 | 20230424111709.0 | ||
| 008 | 131103s9999 xx 000 0 und d | ||
| 020 |
_a019563457 8 _cRs.450 |
||
| 040 | _aLoreto College | ||
| 041 | _aEnglish | ||
| 082 |
_a338.954 _bSAT |
||
| 245 |
_aIndustry and agriculture _b in India since independence _cedited by T.V.Sathyamurthy |
||
| 260 |
_aDelhi _bOxford University Press _c1995 |
||
| 300 | _ax,355 p.(V.2) | ||
| 504 | _aIncludes references and index | ||
| 650 | _aProduction | ||
| 651 | _aProduction.India | ||
| 700 | _aSathyamurthy,T.V.,ed. | ||
| 850 | _aLCLIB | ||
| 942 | _cBK | ||
| 999 |
_c4132 _d54611 |
||